2023年住宅商品房价>13000元/平米的主要城市 扫雷 - Statistics

General Stats
  • This quiz has been taken 187 times
  • The average score is 8 of 17
Answers on the Grid
Answers color-coded by a green-red scale on the quiz's grid according to % correct below.
深圳
北京
上海
杭州
广州
厦门
南京
宁波
成都
西安
海口
天津
合肥
武汉
济南
福州
青岛
大连
长沙
沈阳
昆明
呼和浩特
石家庄
南昌
太原
南宁
贵阳
西宁
郑州
乌鲁木齐
重庆
银川
兰州
哈尔滨
长春
 
Answer Stats
Answer % Correct
46783 北京
78%
45997 上海
77%
50010 深圳
66%
32433 广州
66%
33047 杭州
62%
23643 南京
61%
31054 厦门
54%
16324 天津
51%
13952 青岛
50%
19546 宁波
49%
19517 成都
49%
14883 武汉
49%
14297 福州
30%
15530 合肥
27%
17084 西安
24%
14758 济南
23%
16561 海口
15%
No matching quizzes found
Score Distribution
Percent of People with Each Score
Percentile by Number Answered
Your Score History
You have not taken this quiz